| 000 | 00486nam a2200181Ia 4500 | ||
|---|---|---|---|
| 003 | OSt | ||
| 005 | 20260119161129.0 | ||
| 008 | 210210b1961 xxu||||| |||| 00| 0 eng d | ||
| 040 | _cAL | ||
| 041 | _aKannada | ||
| 082 | _a859/225 | ||
| 100 |
_aINDIRATANAYA _9148462 _dಇಂದಿರತನಯ |
||
| 245 |
_aHennu bombe: _bಹೆಣ್ಣು ಬೊಂಬೆ |
||
| 260 |
_aBengaluru _bHemanta Sahitya _c1961 |
||
| 690 |
_aKannada Fiction _9148463 |
||
| 906 | _a020999 | ||
| 942 |
_2ddc _cBK |
||
| 999 |
_c145161 _d145161 |
||